000
00211 a2200097 4500
001
3679
100
_a
Hasan, K S
245
_a
Kashmir Question, The
260
_a
_b
pak Inst Int Affairs
_c
090
_c
2939
_d
2939
942
_a
NUST-CAE
_c
M
_c
21546
999
_c
238752
_d
238752